| 000 | 01905nam0a2200361 4500 | ||
|---|---|---|---|
| 001 | RU\NLR\bibl\116641 | ||
| 005 | 20260406044239.0 | ||
| 010 |
_a5-691-00560-Х _930000 |
||
| 021 |
_aRU _b2000-26768 _91259 |
||
| 035 | _a(NLR Aleph) 000114221 | ||
| 090 |
_a648758 _c648758 |
||
| 100 | _a20001108d2000 |||y0rusy50 ca | ||
| 101 | 0 | _arus | |
| 102 | _aRU | ||
| 105 | _aa ||||||||| | ||
| 200 | 1 |
_aНовейшая история зарубежных стран, XX век _eУчеб. для 11 кл. общеобразоват. учеб. заведений _f[Д.ист.н., проф. А.М. Родригес, д.ист.н., проф. К.С. Гаджиев, к.ист.н., доц. М.В. Пономарев и др.] _gПод ред. д.ист.н. А.М. Родригеса |
|
| 210 |
_aМ. _cВЛАДОС _d2000 |
||
| 215 |
_a399 с. _cил., портр. _d22 |
||
| 300 | _aНа обл. подзаг.: 10-11 | ||
| 606 | 0 |
_aНовейшая история _jРуководства, пособия и т.п. для средней школы _z20 в. _92104078 _3RU\NLR\auth\661272199 |
|
| 606 | 0 |
_aНовейшая история _jУчебные издания для средней школы _z20 в. _92104078 _3RU\NLR\auth\661272199 |
|
| 686 | _aТ3(0)6я72 | ||
| 701 | 1 |
_4070 _7ca _8rus _aРодригес-Фернандес _bА. М. _gАлександр Мануэльевич _9191479 _3RU\NLR\AUTH\770191530 |
|
| 701 | 1 |
_4070 _7ca _8rus _aГаджиев _bК. С. _gКамалудин Серажудинович _9114146 _3RU\NLR\auth\774161 |
|
| 701 | 1 |
_4070 _7ca _8rus _aПономарев _bМ. В. _cканд. ист. наук _gМихаил Викторович _925050 _3RU\NLR\auth\7742103 |
|
| 801 | 0 |
_aRU _bNLR _c20001108 _gPSBO |
|
| 801 | 1 |
_aRU _bNLR _c20001108 |
|
| 830 | _aАвт. по кн. | ||
| 852 |
_aNLR _j2000-5/3722 |
||
| 942 | _cBOOK | ||
| 980 | _aNB | ||